[Event "SGP-ch 74th"]
[Site "Singapore"]
[Date "2023.02.11"]
[Round "8"]
[White "Yu, Bei Hao"]
[Black "Ng, Sheng Feng"]
[Result "1/2-1/2"]
[WhiteElo "1473"]
[BlackElo "2079"]
[PlyCount "76"]
[EventDate "2023.01.27"]
[EventType "swiss"]
[EventRounds "9"]
[EventCountry "SIN"]
[SourceTitle "EXT 2024"]
[Source "ChessBase"]
[SourceDate "2023.10.10"]
[SourceVersion "1"]
[SourceVersionDate "2023.10.10"]
[SourceQuality "1"]

1. e4 c5 2. Nf3 d6 3. d4 cxd4 4. Nxd4 Nf6 5. Nc3 a6 6. Rg1 e5 7. Nb3 Be6 8. g4 Nc6 9. g5 Nd7 10. Be3 Rc8 11. Qd2 Qc7 12. 0-0-0 b5 13. Nd5 Bxd5 14. exd5 Ne7 15. Bh3 g6 16. f4 Bg7 17. fxe5 Bxe5 18. Rgf1 0-0 19. Bd4 Rcd8 20. Bxd7 Bxd4 21. Qxd4 Rxd7 22. Nd2 Nf5 23. Qd3 Re7 24. Ne4 Kg7 25. Rxf5 gxf5 26. Nf6 Qc5 27. Qxf5 Rh8 28. Nh5+ Kf8 29. Qf6 Qe3+ 30. Kb1 Qe5 31. Qh6+ Ke8 32. Nf6+ Kd8 33. Qg7 Rhe8 34. Nxe8 Kxe8 35. Qg8+ Kd7 36. Qa8 Qxh2 37. Qb7+ Kd8 38. Qb8+ Kd7 1/2-1/2

[Event "SGP-ch 74th"]
[Site "Singapore"]
[Date "2023.02.05"]
[Round "6"]
[White "Susilodinata, Andrean"]
[Black "Ng, Sheng Feng"]
[Result "1/2-1/2"]
[WhiteElo "2386"]
[BlackElo "2079"]
[PlyCount "114"]
[EventDate "2023.01.27"]
[EventType "swiss"]
[EventRounds "9"]
[EventCountry "SIN"]
[SourceTitle "EXT 2024"]
[Source "ChessBase"]
[SourceDate "2023.10.10"]
[SourceVersion "1"]
[SourceVersionDate "2023.10.10"]
[SourceQuality "1"]

1. e4 c5 2. Nf3 d6 3. d4 cxd4 4. Nxd4 Nf6 5. Nc3 a6 6. h3 e5 7. Nde2 h5 8. Bg5 Be6 9. Bxf6 Qxf6 10. Nd5 Qd8 11. Qd3 Nc6 12. 0-0-0 g6 13. Kb1 Bg7 14. h4 Qa5 15. f3 Rc8 16. a3 b5 17. c3 0-0 18. g4 hxg4 19. fxg4 Bxd5 20. exd5 Ne7 21. h5 Qa4 22. Ng3 Qb3 23. Bg2 f5 24. gxf5 gxf5 25. Nxf5 Rxf5 26. h6 Rf2 27. Rd2 Rxc3 28. Qxc3 Qxc3 29. Rxf2 Qe3 30. h7+ Kh8 31. Rf7 Qg5 32. Be4 Qg4 33. Bc2 Nxd5 34. Ra7 Bf8 35. Ra8 Qg7 36. Ka2 Nf6 37. Bf5 Qf7+ 38. Ka1 e4 39. Rh2 d5 40. Rxa6 d4 41. Ra8 d3 42. Kb1 Qg7 43. Rg2 Qe7 44. Rh2 Qc5 45. Rc8 Qg1+ 46. Ka2 Qxh2 47. Rxf8+ Kg7 48. h8Q+ Qxh8 49. Rxh8 Kxh8 50. Kb3 Kg7 51. Kc3 Kf7 52. Bxe4 Nxe4+ 53. Kxd3 Nd6 54. Kd4 Ke6 55. Kc5 Kd7 56. b3 Kc7 57. a4 bxa4 1/2-1/2

[Event "Penang op-A 14th"]
[Site "Penang"]
[Date "2022.12.23"]
[Round "7"]
[White "Ng, Sheng Feng"]
[Black "Tamhankar, Siddhant"]
[Result "1-0"]
[WhiteElo "2050"]
[BlackElo "1943"]
[PlyCount "63"]
[EventDate "2022.12.19"]
[EventType "swiss"]
[EventRounds "9"]
[EventCountry "MAS"]
[SourceTitle "CBM 211 Extra"]
[Source "ChessBase"]
[SourceDate "2023.01.31"]
[SourceVersion "1"]
[SourceVersionDate "2023.01.31"]
[SourceQuality "1"]

1. d4 Nf6 2. c4 g6 3. Nf3 Bg7 4. g3 0-0 5. Bg2 d6 6. 0-0 c6 7. Nc3 Nbd7 8. e4 Qc7 9. h3 e5 10. Be3 exd4 11. Nxd4 Re8 12. Re1 Nc5 13. Qc2 a5 14. b3 Qe7 15. f3 Nh5 16. Kh2 Ne6 17. Nde2 Nc5 18. g4 Nf6 19. Ng3 h5 20. g5 h4 21. Nge2 Nh5 22. Rad1 Ng3 23. Nxg3 hxg3+ 24. Kxg3 f6 25. Bf4 Ne6 26. Bxd6 Qf7 27. gxf6 Qxf6 28. Ne2 Ng5 29. Nf4 Bf8 30. Qd2 Qh8 31. Bxf8 Bxh3 32. Nxh3 1-0

[Event "World Cup U16 Prel"]
[Site "Tornelo INT"]
[Date "2021.08.16"]
[Round "10"]
[White "Ng, Sheng Feng"]
[Black "Loo, Pin Xie"]
[Result "0-1"]
[WhiteElo "2136"]
[BlackElo "1571"]
[PlyCount "100"]
[EventDate "2021.08.16"]
[EventType "swiss (rapid)"]
[EventRounds "10"]
[EventCountry "NET"]
[SourceTitle "EXT 2025"]
[Source "ChessBase"]
[SourceDate "2024.10.14"]
[SourceVersion "1"]
[SourceVersionDate "2024.10.14"]
[SourceQuality "1"]

1. d4 f5 2. c4 Nf6 3. Nf3 e6 4. e3 d5 5. Bd3 c6 6. 0-0 Bd6 7. b3 Qe7 8. Bb2 0-0 9. Nc3 Ne4 10. Ne2 Nd7 11. Ne5 Qg5 12. Nf4 Qf6 13. Qe2 g6 14. f3 Ng5 15. h4 Nf7 16. Nxf7 Rxf7 17. Qf2 Kh8 18. Rae1 g5 19. hxg5 Qxg5 20. Nxe6 Qh6 21. Nf4 Nf6 22. g3 Rg7 23. Kg2 Bxf4 24. exf4 Qxf4 25. Re7 Qd6 26. Rxg7 Kxg7 27. Qe3 Nh5 28. Qg5+ Qg6 29. Qe7+ Kg8 30. Qe5 Qe6 31. Re1 Kf7 32. Qc7+ Qd7 33. Qe5 Qe6 34. Bxf5 Qxf5 35. Qe7+ Kg6 36. Bc1 Qh3+ 37. Kf2 Qxg3+ 38. Ke2 Bf5 39. Kd2 Nf6 40. Qe3 Qd6 41. Rg1+ Kf7 42. Qg5 Bg6 43. c5 Qd7 44. Kc3 Re8 45. Bd2 Qf5 46. Qxf5 Bxf5 47. Rg5 Bg6 48. Bf4 Re2 49. b4 Rxa2 50. Kb3 Rf2 0-1

[Event "World Cup U16 Prel"]
[Site "Tornelo INT"]
[Date "2021.08.16"]
[Round "6"]
[White "Ng, Sheng Feng"]
[Black "Pranav, V."]
[Result "0-1"]
[WhiteElo "2136"]
[BlackElo "2489"]
[PlyCount "112"]
[EventDate "2021.08.16"]
[EventType "swiss (rapid)"]
[EventRounds "10"]
[EventCountry "NET"]
[SourceTitle "EXT 2025"]
[Source "ChessBase"]
[SourceDate "2024.10.14"]
[SourceVersion "1"]
[SourceVersionDate "2024.10.14"]
[SourceQuality "1"]

1. d4 Nf6 2. c4 e6 3. Nf3 b6 4. g3 Ba6 5. b3 b5 6. Qc2 Nc6 7. Bb2 bxc4 8. bxc4 Rb8 9. Nbd2 Nb4 10. Qc1 c5 11. Bg2 Be7 12. 0-0 0-0 13. Ne5 d6 14. a3 dxe5 15. axb4 Bb7 16. dxe5 Nd7 17. b5 Qb6 18. Bxb7 Qxb7 19. Bc3 Bd8 20. Nf3 Bb6 21. Rd1 Rfd8 22. Qe3 Nf8 23. Rd6 Rxd6 24. exd6 f6 25. Qd3 Rd8 26. Ba5 Qb8 27. Bxb6 axb6 28. Rd1 Rd7 29. e4 Qa8 30. e5 f5 31. Qc3 Ra7 32. Rd3 Nd7 33. h3 Ra2 34. Nd2 Ra1+ 35. Nf1 Qa2 36. f4 Qb1 37. Rf3 Kf7 38. Rf2 Qd1 39. Kg2 h6 40. Qf3 Qxf3+ 41. Kxf3 g5 42. Ne3 Ra3 43. Re2 Nf8 44. g4 gxf4 45. Kxf4 Ng6+ 46. Kf3 f4 47. Ke4 Rxe3+ 48. Rxe3 fxe3 49. Kxe3 Nxe5 50. Ke4 Nxc4 51. d7 Ke7 52. h4 Kxd7 53. g5 hxg5 54. h5 Nd6+ 55. Ke5 Nf5 56. Kf6 g4 0-1

[Event "Penang op 11th"]
[Site "Penang"]
[Date "2019.12.14"]
[Round "9"]
[White "Chia, Yu Zhe Ashton"]
[Black "Ng, Sheng Feng"]
[Result "0-1"]
[WhiteElo "1902"]
[BlackElo "2065"]
[PlyCount "74"]
[EventDate "2019.12.09"]
[EventType "swiss"]
[EventRounds "9"]
[EventCountry "MAS"]
[SourceTitle "CBM 193 Extra"]
[Source "ChessBase"]
[SourceDate "2020.01.31"]
[SourceVersion "1"]
[SourceVersionDate "2020.01.31"]
[SourceQuality "1"]

1. e4 c5 2. c3 d5 3. exd5 Qxd5 4. d4 Nf6 5. Nf3 Bg4 6. Be2 e6 7. 0-0 Nc6 8. Be3 cxd4 9. cxd4 Be7 10. Nc3 Qd6 11. a3 0-0 12. Qb3 a6 13. Rfd1 Rfd8 14. Rac1 h6 15. h3 Bh5 16. Qa2 Bf8 17. b4 Rac8 18. Qd2 Qb8 19. Bf4 Bd6 20. Be3 Ne7 21. Na4 Ned5 22. Rxc8 Rxc8 23. Nc5 Qa7 24. Ne5 Bxe2 25. Qxe2 Nc3 26. Qd3 Nxd1 27. Qxd1 b6 28. Na4 Nd5 29. Bd2 Bxe5 30. dxe5 Qc7 31. Qg4 Kh8 32. Qd4 Qc4 33. Qxc4 Rxc4 34. Kf1 Kg8 35. Ke2 Rc2 36. Kd3 Ra2 37. Bc1 Rxf2 0-1

[Event "Penang op 11th"]
[Site "Penang"]
[Date "2019.12.11"]
[Round "4"]
[White "Ng, Sheng Feng"]
[Black "Prasannaa, S."]
[Result "0-1"]
[WhiteElo "2065"]
[BlackElo "2213"]
[PlyCount "92"]
[EventDate "2019.12.09"]
[EventType "swiss"]
[EventRounds "9"]
[EventCountry "MAS"]
[SourceTitle "CBM 193 Extra"]
[Source "ChessBase"]
[SourceDate "2020.01.31"]
[SourceVersion "1"]
[SourceVersionDate "2020.01.31"]
[SourceQuality "1"]

1. d4 Nf6 2. c4 g6 3. Nc3 Bg7 4. e4 d6 5. Nf3 0-0 6. Be2 e5 7. dxe5 dxe5 8. Qxd8 Rxd8 9. Bg5 Re8 10. 0-0-0 Na6 11. Nd2 Nc5 12. Nd5 Nxd5 13. cxd5 c6 14. Be3 Bf8 15. dxc6 bxc6 16. Bxc5 Bxc5 17. f3 Be3 18. Kc2 Rb8 19. b3 Bd4 20. Nc4 Re6 21. Rd2 g5 22. Rhd1 c5 23. Nb2 Bd7 24. Bf1 Rf6 25. h3 h5 26. Be2 Kg7 27. Nc4 Bc6 28. Na5 Ba8 29. Rh1 Rh8 30. Rdd1 Rhh6 31. a4 g4 32. hxg4 hxg4 33. Rdf1 g3 34. Rxh6 Rxh6 35. Re1 f5 36. Bd3 Rh2 37. Re2 Bf2 38. Nc4 Rxg2 39. Ne3 fxe4 40. Bxe4 Bxe4+ 41. fxe4 Rh2 42. Kd3 Kg6 43. Ng4 g2 44. Nxe5+ Kg7 45. Nf3 Rh3 46. Rxf2 g1Q 0-1

[Event "Pattaya op"]
[Site "Pattaya"]
[Date "2019.10.30"]
[Round "9"]
[White "Tan, Jun Ying"]
[Black "Ng, Sheng Feng"]
[Result "1/2-1/2"]
[WhiteElo "2100"]
[BlackElo "1946"]
[PlyCount "64"]
[EventDate "2019.10.23"]
[EventType "swiss"]
[EventRounds "9"]
[EventCountry "THA"]
[SourceTitle "CBM 195 Extra"]
[Source "ChessBase"]
[SourceDate "2020.05.31"]
[SourceVersion "1"]
[SourceVersionDate "2020.05.31"]
[SourceQuality "1"]

1. d4 Nf6 2. c4 e6 3. Nc3 Bb4 4. e3 Bxc3+ 5. bxc3 d6 6. Bd3 c5 7. Nf3 Nc6 8. 0-0 e5 9. Nd2 cxd4 10. cxd4 exd4 11. exd4 Nxd4 12. Re1+ Ne6 13. Bb2 0-0 14. Ne4 Nxe4 15. Bxe4 Re8 16. Qd3 Nf8 17. Qg3 Ng6 18. Rad1 Be6 19. Rxd6 Qa5 20. Bc3 Qc5 21. h4 Bxc4 22. Bxb7 Rxe1+ 23. Bxe1 Re8 24. Bc3 Bxa2 25. Ra6 Be6 26. Ra5 Qe7 27. Rxa7 Qxh4 28. Qxh4 Nxh4 29. Ra8 Rxa8 30. Bxa8 f6 31. Be4 Bf5 32. g3 Bxe4 1/2-1/2

[Event "Pattaya op"]
[Site "Pattaya"]
[Date "2019.10.29"]
[Round "8"]
[White "Ng, Sheng Feng"]
[Black "Salvador, Louie"]
[Result "1-0"]
[WhiteElo "1946"]
[BlackElo "2258"]
[PlyCount "203"]
[EventDate "2019.10.23"]
[EventType "swiss"]
[EventRounds "9"]
[EventCountry "THA"]
[SourceTitle "CBM 195 Extra"]
[Source "ChessBase"]
[SourceDate "2020.05.31"]
[SourceVersion "1"]
[SourceVersionDate "2020.05.31"]
[SourceQuality "1"]

1. d4 d5 2. c4 c6 3. Nf3 Nf6 4. e3 Bf5 5. Nc3 e6 6. Qb3 Qc7 7. Nh4 Be4 8. f3 Bg6 9. Nxg6 hxg6 10. g3 Be7 11. Be2 Nbd7 12. cxd5 cxd5 13. Bd2 0-0 14. Rc1 Qb8 15. 0-0 a6 16. a4 b6 17. Rfd1 Qb7 18. Be1 Rfc8 19. Na2 e5 20. Rxc8+ Rxc8 21. Rc1 Rxc1 22. Nxc1 exd4 23. exd4 Nb8 24. Bc3 Nc6 25. Bd3 a5 26. Bb5 Nd8 27. Nd3 Bd6 28. Nf2 Qe7 29. Qc2 Ne6 30. Qd2 Bb4 31. Qe3 Qc7 32. Nd1 Bd6 33. Qe1 g5 34. Ne3 g6 35. Kf1 Ng7 36. Kg1 Ne6 37. Kf1 Bf8 38. Qd2 Qd6 39. Ke1 Bg7 40. Kd1 Nh5 41. Kc1 f5 42. Nc2 Nf6 43. Qe2 Kf7 44. b4 Qc7 45. Kb2 g4 46. fxg4 Ne4 47. Qd3 axb4 48. Bxb4 fxg4 49. Qd1 Nxd4 50. Nxd4 Qe5 51. Bc3 Nxc3 52. Kxc3 Qe3+ 53. Kc2 Bxd4 54. Qxg4 Qc3+ 55. Kd1 Qb3+ 56. Kd2 Bc3+ 57. Ke2 Bf6 58. Qd7+ Be7 59. Qc6 Qb2+ 60. Kf1 Qb1+ 61. Kg2 Qe4+ 62. Kh3 g5 63. Qc8 Kg7 64. Qg4 Qe5 65. Qe2 Qf6 66. Kg2 d4 67. h4 gxh4 68. Qg4+ Kf8 69. Qxh4 Qg7 70. Qf4+ Bf6 71. Qb8+ Ke7 72. Qxb6 Qg5 73. Qc7+ Kf8 74. Qd6+ Kg7 75. Qd7+ Kh6 76. Qh3+ Kg7 77. Qd7+ Kf8 78. Qe8+ Kg7 79. Qe4 Be5 80. Qd3 Qe3 81. Qxe3 dxe3 82. Kf3 Bc7 83. g4 Bb6 84. Be2 Kf6 85. Ke4 Ke6 86. Bd1 Kd6 87. Kf5 Ke7 88. Ke5 Ba5 89. Kd5 Kd7 90. Kc5 Kc7 91. Kb5 Bb6 92. a5 Ba7 93. Bf3 Bd4 94. Kc4 Ba7 95. Kd5 Kd7 96. Be2 Bb8 97. Bb5+ Kc7 98. Ke6 Kd8 99. g5 Bf4 100. g6 e2 101. Bxe2 Ke8 102. g7 1-0

[Event "Pattaya op"]
[Site "Pattaya"]
[Date "2019.10.27"]
[Round "6"]
[White "Kananub, Warot"]
[Black "Ng, Sheng Feng"]
[Result "1-0"]
[WhiteElo "2211"]
[BlackElo "1946"]
[PlyCount "63"]
[EventDate "2019.10.23"]
[EventType "swiss"]
[EventRounds "9"]
[EventCountry "THA"]
[SourceTitle "CBM 195 Extra"]
[Source "ChessBase"]
[SourceDate "2020.05.31"]
[SourceVersion "1"]
[SourceVersionDate "2020.05.31"]
[SourceQuality "1"]

1. Nf3 Nf6 2. c4 g6 3. Nc3 d5 4. cxd5 Nxd5 5. g3 Bg7 6. Bg2 0-0 7. 0-0 Nb6 8. d3 Nc6 9. Bd2 Bf5 10. Rb1 Qd7 11. Re1 Nc8 12. Na4 Nd6 13. Nc5 Qc8 14. Bc3 e5 15. Qa4 Qe8 16. Nd2 Nd8 17. Qxe8 Rxe8 18. b3 Rc8 19. b4 c6 20. a4 Ne6 21. e4 Bg4 22. h3 b6 23. Ncb3 Bh5 24. g4 Nf4 25. Bf1 Bxg4 26. hxg4 f5 27. gxf5 gxf5 28. exf5 Nxf5 29. Nf3 Ng6 30. Bh3 e4 31. Bxg7 exf3 32. Bxf5 1-0

[Event "Pattaya op"]
[Site "Pattaya"]
[Date "2019.10.24"]
[Round "2"]
[White "Thet, Naung"]
[Black "Ng, Sheng Feng"]
[Result "1-0"]
[WhiteElo "2290"]
[BlackElo "1946"]
[PlyCount "163"]
[EventDate "2019.10.23"]
[EventType "swiss"]
[EventRounds "9"]
[EventCountry "THA"]
[SourceTitle "CBM 195 Extra"]
[Source "ChessBase"]
[SourceDate "2020.05.31"]
[SourceVersion "1"]
[SourceVersionDate "2020.05.31"]
[SourceQuality "1"]

1. d4 Nf6 2. Bf4 g6 3. e3 Bg7 4. Nf3 d5 5. Bd3 0-0 6. 0-0 c5 7. c3 b6 8. h3 Nc6 9. Nbd2 Bb7 10. Re1 Re8 11. Ne5 Nd7 12. Nxd7 Qxd7 13. Nf3 e5 14. dxe5 Nxe5 15. Nxe5 Bxe5 16. Bxe5 Rxe5 17. Be2 Rd8 18. Bf3 Qe7 19. Qa4 Re6 20. Red1 Bc6 21. Qf4 Red6 22. Rd2 Qe6 23. Rad1 R6d7 24. Bg4 f5 25. Bf3 Qf7 26. h4 Qf6 27. Qg5 Qxg5 28. hxg5 Kf7 29. Kh2 Ke6 30. Kg3 Ke5 31. Rh1 a5 32. Rh4 Bb7 33. Rd1 Rf8 34. Be2 Rff7 35. Bb5 Rd6 36. Rdh1 Bc6 37. Bxc6 Rxc6 38. Rxh7 Rxh7 39. Rxh7 d4 40. exd4+ cxd4 41. cxd4+ Kxd4 42. Rd7+ Ke4 43. Re7+ Kd5 44. Rb7 Ke4 45. f3+ Ke5 46. Re7+ Kd6 47. Rf7 Kd5 48. a4 Ke5 49. Re7+ Kd6 50. Re3 Rc4 51. Rd3+ Ke5 52. b3 f4+ 53. Kh3 Rc1 54. Rd8 Rg1 55. Rf8 Rb1 56. Kg4 Rxb3 57. Re8+ Kd5 58. Rg8 Rb2 59. Kxf4 Rb4+ 60. Kg3 Ke5 61. Rxg6 Kf5 62. Rc6 Kxg5 63. Rd6 Kf5 64. Kh3 Ke5 65. Rh6 Kf5 66. g3 Kg5 67. Rd6 Rb3 68. Rd5+ Kf6 69. f4 Ke6 70. Rh5 Rb4 71. Kg4 Kf6 72. Rh6+ Kg7 73. Rc6 Kf7 74. Kg5 Ke7 75. f5 Kd7 76. Rh6 Rxa4 77. Rxb6 Ra1 78. g4 a4 79. Ra6 a3 80. Kf6 Ra2 81. g5 Ke8 82. g6 1-0

[Event "Penang op 10th"]
[Site "Penang"]
[Date "2018.12.07"]
[Round "8"]
[White "Khandhar, Kaushal"]
[Black "Ng, Sheng Feng"]
[Result "1/2-1/2"]
[WhiteElo "1878"]
[BlackElo "2096"]
[PlyCount "48"]
[EventDate "2018.12.03"]
[EventType "swiss"]
[EventRounds "9"]
[EventCountry "MAS"]
[SourceTitle "CBM 187 Extra"]
[Source "ChessBase"]
[SourceDate "2018.11.04"]
[SourceVersion "1"]
[SourceVersionDate "2018.11.04"]
[SourceQuality "1"]

1. d4 Nf6 2. Bf4 g6 3. e3 Bg7 4. h3 d5 5. Nd2 c5 6. c3 Nc6 7. Bd3 0-0 8. Ngf3 Nd7 9. 0-0 e5 10. dxe5 Ndxe5 11. Nxe5 Nxe5 12. Be2 Be6 13. Nf3 Nxf3+ 14. Bxf3 Qb6 15. Qb3 d4 16. Qxb6 axb6 17. exd4 cxd4 18. Bxb7 Ra7 19. Bf3 dxc3 20. bxc3 Bxc3 21. Rab1 Bd4 22. Be3 Bxe3 23. fxe3 Rb8 24. Rb4 Rxa2 1/2-1/2

[Event "Penang op 10th"]
[Site "Penang"]
[Date "2018.12.05"]
[Round "5"]
[White "Guo, Weibao"]
[Black "Ng, Sheng Feng"]
[Result "1/2-1/2"]
[WhiteElo "1838"]
[BlackElo "2096"]
[PlyCount "94"]
[EventDate "2018.12.03"]
[EventType "swiss"]
[EventRounds "9"]
[EventCountry "MAS"]
[SourceTitle "CBM 187 Extra"]
[Source "ChessBase"]
[SourceDate "2018.11.04"]
[SourceVersion "1"]
[SourceVersionDate "2018.11.04"]
[SourceQuality "1"]

1. d4 Nf6 2. c4 g6 3. Nf3 Bg7 4. g3 0-0 5. Bg2 d5 6. 0-0 dxc4 7. Na3 c3 8. bxc3 c5 9. Ne5 Nd5 10. Bb2 e6 11. Nec4 a6 12. e4 Ne7 13. e5 Nbc6 14. Nd6 Qc7 15. Nc2 b6 16. Ne3 Bb7 17. h4 Rad8 18. Qe2 Nc8 19. Nec4 cxd4 20. cxd4 Nxd6 21. Nxd6 Rxd6 22. exd6 Qxd6 23. Rfd1 Rd8 24. d5 exd5 25. Rxd5 Nd4 26. Rxd4 Bxd4 27. Bxb7 Qxg3+ 28. Kf1 Qxh4 29. Bxd4 Qxd4 30. Re1 a5 31. Bf3 Qf6 32. Qe7 Qxe7 33. Rxe7 Rd2 34. a4 Rd6 35. Be2 Rf6 36. Bb5 h5 37. Rc7 Kg7 38. Rc6 g5 39. Kg2 Rxc6 40. Bxc6 Kf6 41. Kg3 Ke6 42. f4 f6 43. fxg5 fxg5 44. Be8 h4+ 45. Kg4 Kd5 46. Bd7 Kd6 47. Bf5 Kc5 1/2-1/2

[Event "Penang op 10th"]
[Site "Penang"]
[Date "2018.12.05"]
[Round "4"]
[White "Ng, Sheng Feng"]
[Black "De Silva, LMST"]
[Result "1/2-1/2"]
[WhiteElo "2096"]
[BlackElo "1812"]
[PlyCount "49"]
[EventDate "2018.12.03"]
[EventType "swiss"]
[EventRounds "9"]
[EventCountry "MAS"]
[SourceTitle "CBM 187 Extra"]
[Source "ChessBase"]
[SourceDate "2018.11.04"]
[SourceVersion "1"]
[SourceVersionDate "2018.11.04"]
[SourceQuality "1"]

1. d4 Nf6 2. Nf3 e6 3. c4 b6 4. e3 Bb7 5. Bd3 Be7 6. Nc3 c5 7. 0-0 cxd4 8. Nxd4 0-0 9. Qe2 Nc6 10. Nxc6 Bxc6 11. b3 d6 12. Bb2 Nd7 13. Rac1 f5 14. f4 d5 15. cxd5 exd5 16. Nb5 Bxb5 17. Bxb5 Nf6 18. Rfd1 Kh8 19. Qd2 Rc8 20. Rxc8 Qxc8 21. Bxf6 Bxf6 22. Qxd5 Qc2 23. Qd2 Qc5 24. Bf1 Re8 25. Kf2 1/2-1/2

[Event "Penang op-A 9th"]
[Site "Penang"]
[Date "2017.12.06"]
[Round "4"]
[White "Ng, Sheng Feng"]
[Black "Wong, Yinn Long"]
[Result "1/2-1/2"]
[WhiteElo "1941"]
[BlackElo "2242"]
[PlyCount "106"]
[EventDate "2017.12.04"]
[EventType "swiss"]
[EventRounds "9"]
[EventCountry "MAS"]
[SourceTitle "CBM 182 Extra"]
[Source "ChessBase"]
[SourceDate "2018.02.23"]
[SourceVersion "1"]
[SourceVersionDate "2018.02.23"]
[SourceQuality "1"]

1. d4 Nf6 2. Nf3 e6 3. e3 c5 4. Bd3 d5 5. b3 Be7 6. 0-0 0-0 7. Bb2 b6 8. Nbd2 Bb7 9. Qe2 Ne4 10. Rfd1 Qc7 11. c4 Nd7 12. Rac1 f5 13. b4 Bf6 14. Nb3 dxc4 15. Bxc4 Rfe8 16. dxc5 bxc5 17. Bxf6 Ndxf6 18. Bb5 Red8 19. Nxc5 Rxd1+ 20. Qxd1 Rd8 21. Qf1 Nxc5 22. Rxc5 Qd6 23. Be2 Ne4 24. Rc1 Qxb4 25. Rb1 Qe7 26. Rd1 Bd5 27. Nd4 Nc3 28. Ra1 Rb8 29. Bc4 Qd7 30. Qd3 Rc8 31. Qxc3 Rxc4 32. Qd2 Ra4 33. a3 Qd6 34. Qb2 Rc4 35. Rc1 Rxc1+ 36. Qxc1 h6 37. Ne2 Kh7 38. f3 e5 39. Kf2 Kg6 40. f4 Kh7 41. Qc3 exf4 42. Nxf4 Be4 43. Nh5 Qe7 44. Nf4 Qf7 45. h4 g5 46. hxg5 hxg5 47. Ne2 Kg6 48. Qe5 Bb7 49. Qd6+ Qf6 50. Qb8 Qc6 51. Qg8+ Kf6 52. Qf8+ Kg6 53. Qg8+ Kf6 1/2-1/2

[Event "Penang op-A 9th"]
[Site "Penang"]
[Date "2017.12.04"]
[Round "1"]
[White "Ng, Sheng Feng"]
[Black "Roy, Prantik"]
[Result "0-1"]
[WhiteElo "1941"]
[BlackElo "2366"]
[PlyCount "82"]
[EventDate "2017.12.04"]
[EventType "swiss"]
[EventRounds "9"]
[EventCountry "MAS"]
[SourceTitle "CBM 182 Extra"]
[Source "ChessBase"]
[SourceDate "2018.02.23"]
[SourceVersion "1"]
[SourceVersionDate "2018.02.23"]
[SourceQuality "1"]

1. d4 Nf6 2. Nf3 g6 3. c4 Bg7 4. Nc3 0-0 5. Bg5 d6 6. e3 c5 7. Be2 Nc6 8. d5 Ne5 9. Nxe5 dxe5 10. e4 Ne8 11. 0-0 Nd6 12. Be3 b6 13. a3 f5 14. f3 Bd7 15. Rc1 Rc8 16. Bd3 Qe8 17. Qe2 f4 18. Bf2 g5 19. b4 h5 20. b5 Qg6 21. Rfd1 g4 22. Kf1 h4 23. Bxh4 gxf3 24. gxf3 Kf7 25. Ke1 Rh8 26. Bf2 Rxh2 27. Kd2 Bf6 28. Rh1 Rch8 29. Rxh2 Rxh2 30. Rg1 Qh5 31. Bc2 Nxc4+ 32. Qxc4 Rxf2+ 33. Kc1 Qh2 34. Ne2 Rxe2 35. Rd1 Bxb5 36. Qb3 Rxc2+ 37. Qxc2 Qxc2+ 38. Kxc2 Ba4+ 39. Kd2 Bxd1 40. Kxd1 Kg6 41. Ke2 Kg5 0-1

[Event "Penang op 8th"]
[Site "Penang"]
[Date "2016.12.07"]
[Round "4"]
[White "Ramnath, Bhuvanesh R"]
[Black "Ng, Sheng Feng"]
[Result "1-0"]
[WhiteElo "2297"]
[BlackElo "1726"]
[PlyCount "69"]
[EventDate "2016.12.05"]
[EventType "swiss"]
[EventRounds "9"]
[EventCountry "MAS"]
[SourceTitle "CBM 176 Extra"]
[Source "ChessBase"]
[SourceDate "2017.03.02"]
[SourceVersion "1"]
[SourceVersionDate "2017.03.02"]
[SourceQuality "1"]

1. e4 c5 2. Nf3 d6 3. Bc4 Nf6 4. d3 e6 5. Bb3 Be7 6. 0-0 Nc6 7. c3 0-0 8. Re1 b5 9. Nbd2 Bb7 10. Nf1 a5 11. a3 b4 12. Ng3 Qd7 13. d4 bxc3 14. bxc3 cxd4 15. cxd4 Rfc8 16. d5 exd5 17. exd5 Nb8 18. Ba4 Qd8 19. Nf5 Bf8 20. Bg5 Nbd7 21. N3d4 h6 22. Bxd7 hxg5 23. Bxc8 Rxc8 24. Nc6 Bxc6 25. dxc6 Rxc6 26. Rc1 Rxc1 27. Qxc1 Nd7 28. Qd2 Nc5 29. Rd1 Ne4 30. Qd4 Nf6 31. Nxd6 Bxd6 32. Qxd6 Qxd6 33. Rxd6 Kf8 34. Ra6 Ke7 35. Rxa5 1-0

[Event "Penang op 8th"]
[Site "Penang"]
[Date "2016.12.06"]
[Round "3"]
[White "Ng, Sheng Feng"]
[Black "Wika, Hardiyanto"]
[Result "1-0"]
[WhiteElo "1726"]
[BlackElo "2071"]
[PlyCount "98"]
[EventDate "2016.12.05"]
[EventType "swiss"]
[EventRounds "9"]
[EventCountry "MAS"]
[SourceTitle "CBM 176 Extra"]
[Source "ChessBase"]
[SourceDate "2017.03.02"]
[SourceVersion "1"]
[SourceVersionDate "2017.03.02"]
[SourceQuality "1"]

1. e4 c6 2. d4 d5 3. Nc3 dxe4 4. Nxe4 Bf5 5. Ng3 Bg6 6. h4 h6 7. h5 Bh7 8. Nf3 Nd7 9. Bd3 Bxd3 10. Qxd3 Ngf6 11. Bd2 e6 12. 0-0-0 Be7 13. Qe2 0-0 14. Nf1 Qb6 15. g4 Nh7 16. Ne5 Rfd8 17. Be3 Nxe5 18. dxe5 Qa5 19. Kb1 Qxe5 20. Ng3 Bf6 21. c3 a5 22. f4 Qb5 23. Qc2 a4 24. Ne4 Be7 25. c4 Qa5 26. c5 a3 27. b3 Rd5 28. g5 f5 29. Nd6 Qc7 30. gxh6 Nf6 31. hxg7 Ng4 32. Bc1 Bxd6 33. Rxd5 cxd5 34. cxd6 Qxc2+ 35. Kxc2 Kxg7 36. Kc3 Ra6 37. d7 Rd6 38. Bxa3 Rxd7 39. Kd4 Rc7 40. Rc1 Rd7 41. Rc8 Nf6 42. Ke5 Nxh5 43. Kxe6 Rf7 44. Bb2+ Kg6 45. Rg8+ Ng7+ 46. Rxg7+ Rxg7 47. Bxg7 Kxg7 48. Kxd5 Kf6 49. Kd6 b5 1-0

[Event "Asia-chT Cup U14"]
[Site "Jiaxing"]
[Date "2016.11.09"]
[Round "5.5"]
[White "Gu, Jiazhen"]
[Black "Ng, Sheng Feng"]
[Result "1-0"]
[WhiteElo "1856"]
[BlackElo "1671"]
[PlyCount "159"]
[EventDate "2016.11.06"]
[EventType "swiss"]
[EventRounds "9"]
[EventCountry "CHN"]
[SourceTitle "EXT 2021"]
[Source "ChessBase"]
[SourceDate "2020.10.23"]
[SourceVersion "1"]
[SourceVersionDate "2020.10.23"]
[SourceQuality "1"]

1. c4 c5 2. g3 g6 3. Bg2 Bg7 4. Nc3 e5 5. e3 Ne7 6. Nge2 Nbc6 7. 0-0 d6 8. d3 Be6 9. Nd5 Rb8 10. Nec3 0-0 11. b3 Qd7 12. Re1 Rfc8 13. Bb2 Bh3 14. Bh1 Nxd5 15. Nxd5 Be6 16. Qd2 b6 17. Rad1 a6 18. Bc3 Qd8 19. Ba1 b5 20. Bg2 Qd7 21. Rc1 Qa7 22. Nc3 h6 23. h3 Kh7 24. Red1 Ne7 25. Nd5 Nc6 26. Kh2 Rb7 27. Nc3 Rbb8 28. Ne2 Ne7 29. cxb5 axb5 30. d4 exd4 31. exd4 Rd8 32. Bc3 Bd5 33. dxc5 dxc5 34. Bxg7 Kxg7 35. Qc3+ Kg8 36. Bxd5 Nxd5 37. Qxc5 Qxa2 38. Rc2 Qa8 39. Rcd2 Nf6 40. Qe7 Rxd2 41. Rxd2 Kg7 42. Nf4 Qe4 43. Qc5 g5 44. Ng2 b4 45. Ne3 Re8 46. Nf5+ Kh8 47. Nd6 Qe7 48. Qxb4 Kg8 49. Qc3 Ne4 50. Nxe4 Qxe4 51. b4 Qe5 52. Qxe5 Rxe5 53. Kg2 Kg7 54. Kf3 Kg6 55. Rd6+ f6 56. Rb6 Re1 57. Rb8 h5 58. b5 f5 59. Rb6+ Kg7 60. Rc6 Re4 61. Rc7+ Kg6 62. b6 g4+ 63. Kg2 Rb4 64. Rb7 Rb1 65. Rb8 Kg7 66. hxg4 hxg4 67. f4 Rb2+ 68. Kf1 Rb3 69. b7 Kh7 70. Ke2 Kg7 71. Kd2 Kh7 72. Kc2 Rb6 73. Kc3 Kg7 74. Kc4 Rb1 75. Kc5 Rc1+ 76. Kd6 Rb1 77. Re8 Rd1+ 78. Kc5 Rc1+ 79. Kd4 Rd1+ 80. Kc3 1-0